[Event "POL-chT 2nd League"]
[Site "Szczyrk"]
[Date "2014.09.13"]
[Round "8.73"]
[White "Jurkiewicz, Krzysztof"]
[Black "Zajac, Mateusz"]
[Result "1-0"]
[WhiteElo "2320"]
[BlackElo "2052"]
[PlyCount "51"]
[EventDate "2014.09.06"]
[EventType "team-swiss"]
[EventRounds "9"]
[EventCountry "POL"]
[SourceTitle "EXT 2015"]
[Source "ChessBase"]
[SourceDate "2014.11.20"]
[SourceVersion "1"]
[SourceVersionDate "2014.11.20"]
[SourceQuality "1"]
[WhiteTeam "Kolbudy UKS Zawisza"]
[BlackTeam "Wieliczka MKS MOS"]
[WhiteTeamCountry "POL"]
[BlackTeamCountry "POL"]

1. c4 Nf6 2. Nc3 g6 3. g3 Bg7 4. Bg2 0-0 5. e4 d6 6. Nge2 c5 7. 0-0 Nc6 8. d3 Rb8 9. h3 Bd7 10. Be3 a6 11. a4 Ne8 12. Kh2 Nc7 13. d4 cxd4 14. Nxd4 Nxd4 15. Bxd4 Bxd4 16. Qxd4 Ne6 17. Qe3 a5 18. e5 dxe5 19. Qxe5 Qc7 20. Qxc7 Nxc7 21. Rfe1 Rfe8 22. Re5 b6 23. Rd1 Be6 24. c5 b5 25. axb5 Nxb5 26. Nxb5 1-0

[Event "POL-chT 2nd League"]
[Site "Szczyrk"]
[Date "2014.09.10"]
[Round "5.43"]
[White "Zajac, Mateusz"]
[Black "Jakubiec, Artur"]
[Result "0-1"]
[WhiteElo "2052"]
[BlackElo "2535"]
[PlyCount "92"]
[EventDate "2014.09.06"]
[EventType "team-swiss"]
[EventRounds "9"]
[EventCountry "POL"]
[SourceTitle "EXT 2015"]
[Source "ChessBase"]
[SourceDate "2014.11.20"]
[SourceVersion "1"]
[SourceVersionDate "2014.11.20"]
[SourceQuality "1"]
[WhiteTeam "Wieliczka MKS MOS"]
[BlackTeam "Dabrowa Gornicza Zaglebie"]
[WhiteTeamCountry "POL"]
[BlackTeamCountry "POL"]

1. Nf3 c5 2. e4 Nc6 3. d4 cxd4 4. Nxd4 Nf6 5. Nc3 e5 6. Ndb5 d6 7. Bg5 a6 8. Na3 b5 9. Nd5 Be7 10. Bxf6 Bxf6 11. c3 Bg5 12. Nc2 Rb8 13. a4 bxa4 14. Rxa4 Rxb2 15. Bxa6 Bd7 16. Ra3 0-0 17. 0-0 Be6 18. Nce3 Ne7 19. Qa1 Rb8 20. Rd1 Nxd5 21. Nxd5 Kh8 22. Be2 f5 23. Bf3 Bxd5 24. Rxd5 fxe4 25. Bxe4 Qb6 26. Ra2 Be3 27. Qe1 Bc5 28. Rd1 Qc7 29. Rb1 Rxb1 30. Qxb1 Qf7 31. Ra8 Qxf2+ 32. Kh1 Rxa8 33. Bxa8 g6 34. c4 Qe2 35. Bd5 Kg7 36. Qb7+ Kh6 37. Qb1 Be3 38. Qa1 Bd2 39. Qb1 Be1 40. Qb6 e4 41. Qg1 Bd2 42. Qa1 e3 43. h3 Qf2 44. Qd4 Bc3 45. Qxc3 e2 46. Qd2+ g5 0-1

[Event "POL-chT 2nd League"]
[Site "Szczyrk"]
[Date "2014.09.07"]
[Round "2.97"]
[White "Zajac, Mateusz"]
[Black "Gierulski, Kamil"]
[Result "0-1"]
[WhiteElo "2052"]
[BlackElo "2023"]
[PlyCount "62"]
[EventDate "2014.09.06"]
[EventType "team-swiss"]
[EventRounds "9"]
[EventCountry "POL"]
[SourceTitle "EXT 2015"]
[Source "ChessBase"]
[SourceDate "2014.11.20"]
[SourceVersion "1"]
[SourceVersionDate "2014.11.20"]
[SourceQuality "1"]
[WhiteTeam "Wieliczka MKS MOS"]
[BlackTeam "Rzeszow RzKSz"]
[WhiteTeamCountry "POL"]
[BlackTeamCountry "POL"]

1. d4 Nf6 2. c4 e6 3. Nf3 b6 4. a3 Bb7 5. Nc3 d5 6. cxd5 Nxd5 7. Qc2 Be7 8. e4 Nxc3 9. bxc3 0-0 10. Be3 c5 11. Bd3 Qc7 12. 0-0 cxd4 13. cxd4 Qxc2 14. Bxc2 Rd8 15. a4 Nc6 16. Rfd1 Rac8 17. Bb1 Bf6 18. g4 Nxd4 19. Bxd4 Bxd4 20. Rxd4 Rxd4 21. Nxd4 Rc1+ 22. Kg2 Rxb1 23. Ra2 Bxe4+ 24. f3 Bd5 25. Rc2 g6 26. Rc7 a6 27. h4 Rb4 28. Nc6 Rxg4+ 29. Kh3 Rxa4 30. Ne5 Rf4 31. h5 gxh5 0-1

[Event "Dobczyce Dominik Memorial 21st"]
[Site "Dobczyce"]
[Date "2013.07.16"]
[Round "7"]
[White "Zajac, Mateusz"]
[Black "Watorek, Marcin"]
[Result "1/2-1/2"]
[WhiteElo "2035"]
[BlackElo "2122"]
[PlyCount "39"]
[EventDate "2013.07.13"]
[EventType "swiss"]
[EventRounds "9"]
[EventCountry "POL"]
[SourceTitle "EXT 2014"]
[Source "ChessBase"]
[SourceDate "2013.11.20"]
[SourceVersion "1"]
[SourceVersionDate "2013.11.20"]
[SourceQuality "1"]

1. d4 Nf6 2. c4 e6 3. Nf3 c5 4. d5 exd5 5. cxd5 d6 6. Nc3 g6 7. e4 Bg7 8. h3 0-0 9. Bd3 Re8 10. 0-0 a6 11. a4 Nbd7 12. Bf4 c4 13. Bc2 Qc7 14. Re1 Rb8 15. a5 Nh5 16. Bh2 b5 17. axb6 Rxb6 18. Na4 Rb4 19. Nd4 Bb7 20. Qd2 1/2-1/2

[Event "Dobczyce Dominik Memorial 21st"]
[Site "Dobczyce"]
[Date "2013.07.15"]
[Round "5"]
[White "Zajac, Mateusz"]
[Black "Popiol, Michal"]
[Result "1-0"]
[WhiteElo "2035"]
[BlackElo "1865"]
[PlyCount "57"]
[EventDate "2013.07.13"]
[EventType "swiss"]
[EventRounds "9"]
[EventCountry "POL"]
[SourceTitle "EXT 2014"]
[Source "ChessBase"]
[SourceDate "2013.11.20"]
[SourceVersion "1"]
[SourceVersionDate "2013.11.20"]
[SourceQuality "1"]

1. d4 Nf6 2. c4 g6 3. Nc3 Bg7 4. e4 d6 5. Nf3 0-0 6. Be2 e5 7. 0-0 Nc6 8. d5 Ne7 9. b4 Nh5 10. Re1 Nf4 11. Bf1 a5 12. bxa5 Rxa5 13. Nd2 h6 14. Nb3 Ra8 15. c5 g5 16. Be3 f5 17. f3 g4 18. cxd6 cxd6 19. fxg4 fxe4 20. Nd2 Nfxd5 21. Bc4 Be6 22. Ndxe4 Nc7 23. Bxe6+ Nxe6 24. Nxd6 Nd4 25. Nce4 Qd7 26. Rb1 Nec6 27. a4 Na5 28. Nf5 Ra6 29. Nc5 1-0

[Event "Dobczyce Dominik Memorial 21st"]
[Site "Dobczyce"]
[Date "2013.07.13"]
[Round "1"]
[White "Zajac, Mateusz"]
[Black "Golenia, Jan"]
[Result "1-0"]
[WhiteElo "2035"]
[BlackElo "1502"]
[PlyCount "57"]
[EventDate "2013.07.13"]
[EventType "swiss"]
[EventRounds "9"]
[EventCountry "POL"]
[SourceTitle "EXT 2014"]
[Source "ChessBase"]
[SourceDate "2013.11.20"]
[SourceVersion "1"]
[SourceVersionDate "2013.11.20"]
[SourceQuality "1"]

1. Nf3 c5 2. e4 Nc6 3. Bb5 Qb6 4. Nc3 a6 5. Nd5 Qa5 6. Bxc6 dxc6 7. Nc3 Bg4 8. h3 Bh5 9. d3 e6 10. Bf4 Nf6 11. 0-0 Be7 12. Qe2 h6 13. Qe3 g5 14. Bg3 g4 15. Ne5 0-0-0 16. Nc4 Qb4 17. a3 Qxc4 18. dxc4 Nd7 19. hxg4 Bxg4 20. Qf4 e5 21. Qxg4 f6 22. Rad1 Rhg8 23. Qh3 Rg6 24. Rd3 Kc7 25. Rfd1 Nb6 26. Rxd8 Bxd8 27. Qe6 Rg7 28. Qd6+ Kc8 29. Qxd8# 1-0

[Event "Krakow Malopolski-chA"]
[Site "Krakow"]
[Date "2013.05.05"]
[Round "9"]
[White "Kyc, Jerzy"]
[Black "Zajac, Mateusz"]
[Result "1-0"]
[WhiteElo "1880"]
[BlackElo "2060"]
[PlyCount "85"]
[EventDate "2013.04.28"]
[EventType "swiss"]
[EventRounds "9"]
[EventCountry "POL"]
[SourceTitle "EXT 2014"]
[Source "ChessBase"]
[SourceDate "2013.11.20"]
[SourceVersion "1"]
[SourceVersionDate "2013.11.20"]
[SourceQuality "1"]

1. e4 c5 2. Nf3 a6 3. c4 e6 4. Nc3 Qc7 5. Be2 Nf6 6. 0-0 Nc6 7. h3 Bd6 8. d4 cxd4 9. Nxd4 0-0 10. Be3 Bf4 11. Qd2 Nxd4 12. Qxd4 Bxe3 13. Qxe3 d6 14. Rad1 e5 15. Kh1 Be6 16. b3 Rac8 17. Rc1 Rfd8 18. Qg3 Qc5 19. Bg4 Bxg4 20. hxg4 h6 21. g5 hxg5 22. Qxg5 Qd4 23. Qf5 b5 24. Rfd1 Qb6 25. cxb5 axb5 26. Nd5 Nxd5 27. Rxc8 Nf4 28. Rxd8+ Qxd8 29. g3 Ne6 30. Rc1 g6 31. Qg4 Qa8 32. Rc2 Kg7 33. Kg1 b4 34. Rc4 Qb7 35. Qe2 Nd4 36. Qd3 Kh7 37. Qe3 d5 38. exd5 Qxd5 39. f4 Nf5 40. Qf2 Qd1+ 41. Kh2 exf4 42. Rxf4 Nh6 43. Rh4 1-0

[Event "Krakow Malopolski-chA"]
[Site "Krakow"]
[Date "2013.05.03"]
[Round "6"]
[White "Gawronski, Lukasz"]
[Black "Zajac, Mateusz"]
[Result "1-0"]
[WhiteElo "2063"]
[BlackElo "2060"]
[PlyCount "79"]
[EventDate "2013.04.28"]
[EventType "swiss"]
[EventRounds "9"]
[EventCountry "POL"]
[SourceTitle "CBM 154 Extra"]
[Source "ChessBase"]
[SourceDate "2013.06.25"]
[SourceVersion "2"]
[SourceVersionDate "2013.06.25"]
[SourceQuality "1"]

1. d4 c5 2. d5 Nf6 3. Nc3 d6 4. e4 g6 5. Nf3 Bg4 6. Be2 Bg7 7. 0-0 0-0 8. Nd2 Bxe2 9. Qxe2 Nbd7 10. Nc4 Ne8 11. Bg5 Nc7 12. Bh4 Ne5 13. Ne3 Bf6 14. Bxf6 exf6 15. f4 Nd7 16. Rae1 Qe7 17. Nc4 Rfe8 18. Qf3 b5 19. Na5 b4 20. Nc6 Qf8 21. Nb1 a5 22. Nd2 Nb8 23. Nc4 Nxc6 24. dxc6 Nb5 25. c3 Ra7 26. Nb6 Nc7 27. Nd7 Qg7 28. e5 dxe5 29. fxe5 f5 30. Nf6+ Kf8 31. Nxe8 Kxe8 32. Qd3 Ne6 33. Qb5 Rc7 34. Qxa5 bxc3 35. bxc3 Qh6 36. Qa8+ Ke7 37. Rf2 Qh4 38. Rd1 Qe4 39. Qh8 Qxc6 40. Rfd2 1-0

[Event "Krakow Malopolski-chA"]
[Site "Krakow"]
[Date "2013.04.29"]
[Round "2"]
[White "Blasiak, Miroslaw"]
[Black "Zajac, Mateusz"]
[Result "0-1"]
[WhiteElo "1879"]
[BlackElo "2060"]
[PlyCount "54"]
[EventDate "2013.04.28"]
[EventType "swiss"]
[EventRounds "9"]
[EventCountry "POL"]
[SourceTitle "CBM 154 Extra"]
[Source "ChessBase"]
[SourceDate "2013.06.25"]
[SourceVersion "2"]
[SourceVersionDate "2013.06.25"]
[SourceQuality "1"]

1. e4 c5 2. Nf3 d6 3. d4 cxd4 4. Nxd4 Nf6 5. Nc3 a6 6. Bg5 e6 7. f4 Qc7 8. Qf3 b5 9. Bxf6 gxf6 10. e5 d5 11. 0-0-0 fxe5 12. fxe5 b4 13. Nxd5 exd5 14. Qxd5 Bb7 15. Ne6 Qc8 16. Qd3 fxe6 17. Be2 Nd7 18. Bh5+ Kd8 19. Rhf1 Bd5 20. Qg3 Qc6 21. Bf3 Rc8 22. Rf2 Nb6 23. Qg5+ Kc7 24. Bxd5 Nxd5 25. Rf7+ Kb8 26. Rd2 h5 27. Qg6 Bh6 0-1

[Event "Krakow Malopolski-chA"]
[Site "Krakow"]
[Date "2013.04.28"]
[Round "1"]
[White "Zajac, Mateusz"]
[Black "Mikrut, Dariusz"]
[Result "0-1"]
[WhiteElo "2060"]
[BlackElo "2361"]
[PlyCount "78"]
[EventDate "2013.04.28"]
[EventType "swiss"]
[EventRounds "9"]
[EventCountry "POL"]
[SourceTitle "CBM 154 Extra"]
[Source "ChessBase"]
[SourceDate "2013.06.25"]
[SourceVersion "2"]
[SourceVersionDate "2013.06.25"]
[SourceQuality "1"]

1. d4 Nf6 2. c4 g6 3. Nc3 Bg7 4. e4 d6 5. Nf3 0-0 6. Be2 Nbd7 7. 0-0 e5 8. Qc2 Nh5 9. Rd1 Nf4 10. Bf1 c5 11. dxc5 dxc5 12. Nd5 Ne6 13. Bd3 Nb8 14. b4 cxb4 15. Nxb4 Nd7 16. Bb2 Nd4 17. Nxd4 exd4 18. Nd5 Ne5 19. Be2 Nc6 20. Rab1 Re8 21. c5 f5 22. Bc4 Kh8 23. f3 fxe4 24. fxe4 Be5 25. Rf1 Be6 26. Ba1 Rb8 27. Nf4 Bxc4 28. Qxc4 Qg5 29. Nd3 Bg7 30. Rbe1 Rf8 31. Kh1 Qd2 32. h3 a6 33. Qb3 Na5 34. Qb1 Nc4 35. Rxf8+ Rxf8 36. Rd1 Qe3 37. Qc1 Qe2 38. Qb1 Ne3 39. Rg1 Rf1 0-1

[Event "Krakow op-B 23rd"]
[Site "Krakow"]
[Date "2012.12.28"]
[Round "2"]
[White "Zajac, Mateusz"]
[Black "Zaboklicki, Zbigniew"]
[Result "1-0"]
[WhiteElo "1997"]
[BlackElo "1835"]
[PlyCount "95"]
[EventDate "2012.12.27"]
[EventType "swiss"]
[EventRounds "9"]
[EventCountry "POL"]
[SourceTitle "CBM 152 Extra"]
[Source "ChessBase"]
[SourceDate "2013.02.25"]
[SourceVersion "1"]
[SourceVersionDate "2013.02.25"]
[SourceQuality "1"]

1. d4 Nf6 2. c4 e6 3. g3 d5 4. Nf3 c5 5. cxd5 exd5 6. Nc3 Nc6 7. Bg2 Be7 8. 0-0 0-0 9. Bg5 Be6 10. dxc5 Bxc5 11. Rc1 Be7 12. Nd4 Nxd4 13. Qxd4 h6 14. Bf4 Qa5 15. Rfd1 Bc5 16. Qd2 Bb4 17. a3 Bxc3 18. Qxc3 Qxc3 19. Rxc3 Rac8 20. Rdc1 Rxc3 21. Rxc3 Rc8 22. Rxc8+ Bxc8 23. Be5 Ne4 24. f3 Nd2 25. Bc3 Nc4 26. Kf2 Be6 27. e4 dxe4 28. fxe4 b6 29. Ke2 f6 30. Kd3 Kf7 31. Kd4 Ne5 32. h4 h5 33. Bf1 g6 34. b4 Bb3 35. Bb5 Ke7 36. a4 a6 37. Bxa6 Bxa4 38. Be2 Kd6 39. Ke3 Bd7 40. Kf4 b5 41. Bxe5+ fxe5+ 42. Kg5 Be8 43. Kf6 Bc6 44. Bd3 Be8 45. Bc2 Kd7 46. Kxe5 Ke7 47. Kd5 Bf7+ 48. Kc5 1-0

[Event "Krakow op-B 23rd"]
[Site "Krakow"]
[Date "2012.12.27"]
[Round "1"]
[White "Marczuk, Anna"]
[Black "Zajac, Mateusz"]
[Result "0-1"]
[WhiteElo "1674"]
[BlackElo "1997"]
[PlyCount "66"]
[EventDate "2012.12.27"]
[EventType "swiss"]
[EventRounds "9"]
[EventCountry "POL"]
[SourceTitle "CBM 152 Extra"]
[Source "ChessBase"]
[SourceDate "2013.02.25"]
[SourceVersion "1"]
[SourceVersionDate "2013.02.25"]
[SourceQuality "1"]

1. e4 c5 2. Nf3 d6 3. d4 cxd4 4. Nxd4 Nf6 5. Nc3 a6 6. f3 e5 7. Nb3 Be6 8. Be3 Be7 9. Qd2 0-0 10. 0-0-0 Nbd7 11. g4 Qc7 12. g5 Nh5 13. Qf2 Rfc8 14. h4 b5 15. Bh3 b4 16. Nd5 Bxd5 17. Rxd5 a5 18. Bxd7 Qxd7 19. Rxa5 Rxa5 20. Nxa5 Qa4 21. Bb6 Qxa2 22. Kd2 Qxb2 23. Rc1 Nf4 24. Qf1 Rc3 25. Kd1 Nd3 26. Kd2 Nxc1 27. Qxc1 Qa2 28. Kd1 Rxf3 29. Ke2 Rc3 30. Kd1 Rh3 31. Ke2 Qa3 32. Qg1 Qf3+ 33. Kd2 Rh1 0-1

[Event "Krakow-ch 3rd"]
[Site "Krakow"]
[Date "2012.08.12"]
[Round "5.16"]
[White "Janczarski, Michal"]
[Black "Zajac, Mateusz"]
[Result "0-1"]
[WhiteElo "2344"]
[BlackElo "1925"]
[PlyCount "112"]
[EventDate "2012.08.08"]
[EventType "swiss"]
[EventRounds "9"]
[EventCountry "POL"]
[SourceTitle "EXT 2023"]
[Source "ChessBase"]
[SourceDate "2022.10.05"]
[SourceVersion "1"]
[SourceVersionDate "2022.10.05"]
[SourceQuality "1"]

1. d4 Nf6 2. c4 g6 3. Nc3 Bg7 4. e4 d6 5. Nf3 0-0 6. Be2 e5 7. 0-0 Nc6 8. d5 Ne7 9. b4 c6 10. Qb3 a5 11. Rd1 axb4 12. Qxb4 c5 13. Qb3 h6 14. Nd2 Nd7 15. Nb5 Ra6 16. Bb2 f5 17. exf5 Nxf5 18. Ne4 Nf6 19. Nxf6+ Bxf6 20. Rf1 Nd4 21. Nxd4 exd4 22. Bd3 g5 23. a3 Be5 24. Rae1 Rb6 25. Qc2 Qf6 26. Bc1 Bf5 27. Rd1 Bxd3 28. Rxd3 Qf5 29. Qd1 Rb1 30. Qc2 Rb6 31. g3 Qg6 32. Qe2 Rb1 33. Qc2 Rf3 34. Qxb1 Qxd3 35. Qxb7 Qxc4 36. h4 Qd3 37. Qc8+ Kg7 38. Qd7+ Kg6 39. Qe8+ Kg7 40. Qd7+ Rf7 41. Qg4 Qf5 42. Qxf5 Rxf5 43. hxg5 hxg5 44. g4 Rf3 45. Bxg5 Rxa3 46. f4 Bf6 47. Bxf6+ Kxf6 48. Re1 d3 49. Kf2 Ra2+ 50. Ke3 c4 51. Kd4 d2 52. Rd1 Rc2 53. Ke4 c3 54. g5+ Kg6 55. Rg1 Rc1 56. f5+ Kg7 0-1

[Event "Krakow-ch 3rd"]
[Site "Krakow"]
[Date "2012.08.09"]
[Round "2.8"]
[White "Zajac, Mateusz"]
[Black "Barski, Radoslaw"]
[Result "0-1"]
[WhiteElo "2269"]
[BlackElo "1885"]
[PlyCount "65"]
[EventDate "2012.08.08"]
[EventType "swiss"]
[EventRounds "9"]
[EventCountry "POL"]
[SourceTitle "EXT 2023"]
[Source "ChessBase"]
[SourceDate "2022.10.05"]
[SourceVersion "1"]
[SourceVersionDate "2022.10.05"]
[SourceQuality "1"]

1. e4 c5 2. Nf3 d6 3. d4 cxd4 4. Nxd4 Nf6 5. Nc3 a6 6. Be3 e5 7. Nb3 Be7 8. f3 Be6 9. Qd2 0-0 10. 0-0-0 Qc7 11. g4 Rc8 12. Kb1 b5 13. g5 Nfd7 14. Qf2 b4 15. Nd5 Bxd5 16. exd5 a5 17. Nc1 a4 18. h4 f5 19. f4 Rf8 20. Rh3 Na6 21. Bxa6 Rxa6 22. Qd2 Rb8 23. Qd3 Rba8 24. Qxf5 Kh8 25. Qd3 exf4 26. Bxf4 Nc5 27. Qc4 b3 28. cxb3 Qd7 29. Rf3 axb3 30. axb3 Qf5+ 31. Rfd3 Nxd3 32. Qxd3 Qxd3+ 33. Rxd3 0-1

[Event "POL-ch Teachers"]
[Site "Krakow"]
[Date "2012.??.??"]
[Round "7"]
[White "Bus, Konrad"]
[Black "Zajac, Mateusz"]
[Result "1-0"]
[WhiteElo "1994"]
[BlackElo "1904"]
[PlyCount "63"]
[EventDate "2012.??.??"]
[EventType "swiss"]
[EventRounds "9"]
[EventCountry "POL"]
[SourceTitle "EXT 2014"]
[Source "ChessBase"]
[SourceDate "2013.11.20"]
[SourceVersion "1"]
[SourceVersionDate "2013.11.20"]
[SourceQuality "1"]

1. d4 Nf6 2. c4 c5 3. e3 cxd4 4. exd4 d5 5. Nc3 Nc6 6. Nf3 e6 7. cxd5 Nxd5 8. Bd3 Bb4 9. Qc2 Nxc3 10. bxc3 Nxd4 11. Nxd4 Qxd4 12. Bb5+ Kf8 13. 0-0 Qxc3 14. Qe2 f6 15. Rb1 Ba5 16. Rd1 Qe5 17. Qf3 Kf7 18. Bf4 Qc5 19. Bd3 Bb6 20. Bd6 Qa5 21. Bb4 Qg5 22. Bd2 Qd5 23. Be4 Qc5 24. Rdc1 Qe5 25. Re1 Qc5 26. Rbc1 Qe7 27. a3 f5 28. Bxf5 Qf6 29. Rxe6 Bxe6 30. Qxb7+ Qe7 31. Bxe6+ Ke8 32. Qxa8+ 1-0

[Event "POL-ch Teachers"]
[Site "Krakow"]
[Date "2012.??.??"]
[Round "9"]
[White "Zajac, Mateusz"]
[Black "Sadzikowski, Marian"]
[Result "0-1"]
[WhiteElo "1904"]
[BlackElo "1865"]
[PlyCount "22"]
[EventDate "2012.??.??"]
[EventType "swiss"]
[EventRounds "9"]
[EventCountry "POL"]
[SourceTitle "EXT 2014"]
[Source "ChessBase"]
[SourceDate "2013.11.20"]
[SourceVersion "1"]
[SourceVersionDate "2013.11.20"]
[SourceQuality "1"]

1. g3 c6 2. Bg2 d5 3. Nf3 Bf5 4. 0-0 Qc8 5. Re1 Nf6 6. c4 Bh3 7. Bh1 h5 8. d4 h4 9. Nc3 hxg3 10. e4 g2 11. Bxg2 Qg4 0-1

[Event "Krakow op"]
[Site "Krakow"]
[Date "2011.08.13"]
[Round "9"]
[White "Kmak, Wieslaw"]
[Black "Zajac, Mateusz"]
[Result "0-1"]
[WhiteElo "2017"]
[BlackElo "1904"]
[PlyCount "46"]
[EventDate "2011.08.06"]
[EventType "swiss"]
[EventRounds "9"]
[EventCountry "POL"]
[SourceTitle "CBM 144 Extra"]
[Source "ChessBase"]
[SourceDate "2011.10.28"]
[SourceVersion "1"]
[SourceVersionDate "2011.10.28"]
[SourceQuality "1"]

1. Nf3 d5 2. d4 e6 3. Bf4 c5 4. e3 Qb6 5. Nc3 Bd7 6. Qd2 Nf6 7. Ne5 Be7 8. Nxd7 Nbxd7 9. Bb5 0-0 10. Bxd7 Nxd7 11. Na4 Qb5 12. Nc3 Qxb2 13. Rb1 Qa3 14. Rxb7 cxd4 15. Qxd4 Bf6 16. Nb1 Qxa2 17. Qd1 Nc5 18. Rc7 Na6 19. Rb7 Rfc8 20. 0-0 Nc5 21. Rb5 a6 22. Rb6 Qa5 23. Rd6 Be7 0-1

[Event "Dobczyce op 18th"]
[Site "Dobczyce"]
[Date "2010.07.25"]
[Round "9"]
[White "Zajac, Mateusz"]
[Black "Fusek, Lukas"]
[Result "1/2-1/2"]
[WhiteElo "1871"]
[BlackElo "1887"]
[PlyCount "43"]
[EventDate "2010.07.17"]
[EventType "swiss"]
[EventRounds "9"]
[EventCountry "POL"]
[SourceTitle "EXT 2011"]
[Source "ChessBase"]
[SourceDate "2010.11.26"]
[SourceVersion "1"]
[SourceVersionDate "2010.11.26"]
[SourceQuality "1"]

1. d4 Nf6 2. c4 e6 3. g3 d5 4. Bg2 b6 5. cxd5 exd5 6. Nf3 Bd6 7. Qa4+ Bd7 8. Qc2 0-0 9. Nc3 c6 10. 0-0 Re8 11. Nd2 Na6 12. a3 Rc8 13. Qa4 Nc7 14. e4 c5 15. Qb3 cxd4 16. Nxd5 Ncxd5 17. exd5 Rc5 18. Nf3 Bb5 19. Re1 Rxe1+ 20. Nxe1 Bc4 21. Qa4 Bxd5 22. Qxd4 1/2-1/2

[Event "Dobczyce op 18th"]
[Site "Dobczyce"]
[Date "2010.07.22"]
[Round "6"]
[White "Mucha, Roman"]
[Black "Zajac, Mateusz"]
[Result "1/2-1/2"]
[WhiteElo "2181"]
[BlackElo "1871"]
[PlyCount "174"]
[EventDate "2010.07.17"]
[EventType "swiss"]
[EventRounds "9"]
[EventCountry "POL"]
[SourceTitle "EXT 2011"]
[Source "ChessBase"]
[SourceDate "2010.11.26"]
[SourceVersion "1"]
[SourceVersionDate "2010.11.26"]
[SourceQuality "1"]

1. d4 Nf6 2. Nf3 c5 3. d5 b5 4. c4 g6 5. cxb5 a6 6. bxa6 Bxa6 7. Nc3 d6 8. Nd2 Bg7 9. e4 Bxf1 10. Nxf1 0-0 11. Ne3 Nbd7 12. 0-0 Qa5 13. Bd2 Rfb8 14. Qc2 Qa6 15. a4 Nxe4 16. Nxe4 Rxb2 17. Qc4 f5 18. Qxa6 Rxa6 19. Bc3 fxe4 20. Bxb2 Bxb2 21. Ra2 Bd4 22. Nc2 Be5 23. Rd1 Nb6 24. a5 Nc4 25. Re1 Rxa5 26. Rxa5 Nxa5 27. Rxe4 Nb3 28. Ra4 Nd4 29. Ne3 Ne2+ 30. Kf1 Nc3 31. Ra7 Kf7 32. Nc4 Nxd5 33. Nxe5+ dxe5 34. Ra5 Ke6 35. Rxc5 h5 36. Ra5 g5 37. g3 Nf6 38. Ke2 Kf5 39. f3 e6 40. h3 Nd5 41. Ra8 h4 42. Kf2 hxg3+ 43. Kxg3 Nf6 44. Rf8 Kg6 45. h4 gxh4+ 46. Kxh4 Kf5 47. Kg3 e4 48. fxe4+ Ke5 49. Kf3 Nxe4 50. Ke3 Nf6 51. Rh8 Nd5+ 52. Kd3 Nf4+ 53. Ke3 Nd5+ 54. Kf3 Kd4 55. Rh4+ Ke5 56. Re4+ Kf5 57. Rd4 Ke5 58. Re4+ Kf5 59. Re1 Nf6 60. Rf1 Ke5 61. Re1+ Kf5 62. Ke3 Ke5 63. Kd3+ Kd5 64. Ra1 Ke5 65. Kc4 Nd5 66. Re1+ Kf5 67. Kd4 Nf4 68. Re5+ Kf6 69. Ra5 Nd5 70. Kc5 Ke5 71. Ra1 Ne3 72. Ra3 Nd5 73. Ra8 Nf4 74. Ra4 Nd5 75. Kc6 Kf5 76. Kd6 Kf6 77. Ra1 Ne3 78. Kd7 Nf5 79. Ra6 Nd4 80. Ra8 Ke5 81. Ra5+ Kf6 82. Ra1 Nf5 83. Re1 Nd4 84. Re4 e5 85. Kd6 Nf5+ 86. Kc5 Ke6 87. Rxe5+ Kxe5 1/2-1/2

[Event "Krakow KKSz-ch"]
[Site "Krakow"]
[Date "2009.08.15"]
[Round "5"]
[White "Tikhonov, Valeri"]
[Black "Zajac, Mateusz"]
[Result "0-1"]
[WhiteElo "1824"]
[BlackElo "1852"]
[PlyCount "114"]
[EventDate "2009.08.12"]
[EventType "swiss"]
[EventRounds "9"]
[EventCountry "POL"]
[SourceTitle "CBM 132 Extra"]
[Source "ChessBase"]
[SourceDate "2009.11.03"]
[SourceVersion "1"]
[SourceVersionDate "2009.11.03"]
[SourceQuality "1"]

1. e4 c5 2. Nf3 d6 3. d3 Nc6 4. g3 g6 5. Bg2 Bg7 6. 0-0 Nf6 7. Nbd2 0-0 8. Re1 Nd7 9. Nf1 Rb8 10. h4 h5 11. c3 b5 12. d4 b4 13. Bf4 bxc3 14. bxc3 Qa5 15. e5 dxe5 16. Nxe5 Ncxe5 17. dxe5 e6 18. c4 Nb6 19. Qc2 Ba6 20. Nd2 Na4 21. Nb3 Qb4 22. Bf1 Nb6 23. Bd2 Qa4 24. Rac1 Qc6 25. Qe4 Qc7 26. f4 Bb7 27. Qe2 Rfd8 28. Be3 Bf8 29. Qf2 Na4 30. Red1 Be7 31. Qc2 Kf8 32. Bg2 Ke8 33. Rxd8+ Kxd8 34. Rd1+ Ke8 35. Rd2 Bxg2 36. Rxg2 Rd8 37. Rd2 Rxd2 38. Nxd2 Qc6 39. Qe4 Kd7 40. Qxc6+ Kxc6 41. Ne4 Nb2 42. Nd2 Bd8 43. Kf1 Ba5 44. Nb3 Bb4 45. Ke2 Nxc4 46. Bc1 Kd5 47. Kd3 a5 48. Na1 Be1 49. Ke2 Bxg3 50. Kf3 Bxh4 51. Nc2 a4 52. Ne3+ Nxe3 53. Kxe3 Be1 54. Ke2 Bb4 55. a3 Bc3 56. Kd3 Bd4 57. Bd2 Bb2 0-1

[Event "Krakow KKSz-ch"]
[Site "Krakow"]
[Date "2009.08.15"]
[Round "4"]
[White "Zajac, Mateusz"]
[Black "Wozniak, Mariola"]
[Result "0-1"]
[WhiteElo "1852"]
[BlackElo "1576"]
[PlyCount "88"]
[EventDate "2009.08.12"]
[EventType "swiss"]
[EventRounds "9"]
[EventCountry "POL"]
[SourceTitle "CBM 132 Extra"]
[Source "ChessBase"]
[SourceDate "2009.11.03"]
[SourceVersion "1"]
[SourceVersionDate "2009.11.03"]
[SourceQuality "1"]

1. e4 c5 2. d4 cxd4 3. c3 dxc3 4. Nxc3 Nc6 5. Nf3 g6 6. Bc4 Bg7 7. 0-0 d6 8. Qe2 Nf6 9. Rd1 Bd7 10. Bf4 0-0 11. Rac1 a6 12. Nd5 b5 13. Nxf6+ Bxf6 14. Bd5 Rc8 15. Bxc6 Bxc6 16. Nd4 Bb7 17. Rxc8 Qxc8 18. e5 dxe5 19. Bxe5 Bxe5 20. Qxe5 Bxg2 21. Qg5 Bh3 22. Rd3 h6 23. Qe3 Qg4+ 24. Qg3 Rd8 25. Rd2 e5 26. Qxg4 Bxg4 27. Nb3 Rxd2 28. Nxd2 Be6 29. a3 Bd5 30. f3 f5 31. Kf2 Kf7 32. b4 Kf6 33. h4 g5 34. hxg5+ hxg5 35. Nf1 e4 36. fxe4 Bxe4 37. Ke3 Ke5 38. Nd2 f4+ 39. Ke2 g4 40. Nb3 g3 41. Nc5 f3+ 42. Kf1 Bf5 43. Kg1 f2+ 44. Kg2 Bh3+ 0-1

[Event "Krakow op 4th"]
[Site "Krakow"]
[Date "2008.05.18"]
[Round "7.4"]
[White "Zajac, Mateusz"]
[Black "Polek, Marek"]
[Result "1-0"]
[WhiteElo "1826"]
[BlackElo "1621"]
[PlyCount "63"]
[EventDate "2008.05.10"]
[EventType "tourn"]
[EventRounds "7"]
[EventCountry "POL"]
[SourceTitle "EXT 2023"]
[Source "ChessBase"]
[SourceDate "2022.10.05"]
[SourceVersion "1"]
[SourceVersionDate "2022.10.05"]
[SourceQuality "1"]

1. e4 e5 2. Nf3 Nc6 3. d4 exd4 4. Bc4 d6 5. Nxd4 Ne5 6. Bb3 Nf6 7. 0-0 Be7 8. Nc3 0-0 9. f4 Ng6 10. Qe1 Re8 11. Nf3 b6 12. e5 dxe5 13. Nxe5 Nxe5 14. fxe5 Bc5+ 15. Kh1 Bb7 16. Qg3 Nd5 17. Bh6 g6 18. Nxd5 Bxd5 19. Rad1 c6 20. c4 Bxg2+ 21. Qxg2 Qc7 22. Bf4 Qc8 23. Qf3 Qe6 24. Bg5 a5 25. Ba4 Rac8 26. Bf6 h6 27. Qf4 Kh7 28. Qh4 Rg8 29. Bc2 Rce8 30. Rd3 Be7 31. Rh3 h5 32. Qxh5# 1-0